The Curious Naturalist (Record no. 603386)

MARC details
000 -LEADER
fixed length control field 00401nam a2200145Ia 4500
008 - FIXED-LENGTH DATA ELEMENTS--GENERAL INFORMATION
fixed length control field 100415s9999 xx 000 0 und d
082 ## - DEWEY DECIMAL CLASSIFICATION NUMBER
Item number 20489
Classification number 574
100 ## - MAIN ENTRY--PERSONAL NAME
Personal name NATIONAL GEOGRAPHIC SOCIETY
245 ## - TITLE STATEMENT
Title The Curious Naturalist
260 ## - PUBLICATION, DISTRIBUTION, ETC. (IMPRINT)
Place of publication, distribution, etc WASHIGTON
Date of publication, distribution, etc 1991
Name of publisher, distributor, etc NATIONAL GEOGRAPHIC SOCIETY
365 ## - TRADE PRICE
Price amount 0
630 ## - SUBJECT ADDED ENTRY--UNIFORM TITLE
Uniform title The Curious Naturalist
730 ## - ADDED ENTRY--UNIFORM TITLE
Uniform title The Curious Naturalist
942 ## - ADDED ENTRY ELEMENTS (KOHA)
Koha item type Book
Holdings
Withdrawn status Lost status Damaged status Not for loan Home library Current library Date acquired Cost, normal purchase price Total Checkouts Full call number Barcode Date last seen Price effective from Koha item type
        Bombay Natural History Society Bombay Natural History Society 07/08/2002 0.00   574 20489 BNHS-20489 04/15/2010 04/15/2010 Book